Grafologia / Orencia Colomar
Descripción Física:
287 p. ; 21 cm
Materias:
Grafologia
MARC
| LEADER | 00000nam a2200000Ia 4500 | ||
|---|---|---|---|
| 001 | 9617 | ||
| 008 | 160829s1985 xx 000 0 cat d | ||
| 080 | |a F-1-45 | ||
| 100 | |a Colomar, Orencia |9 24359 | ||
| 245 | |a Grafologia / Orencia Colomar | ||
| 260 | |a Barcelona : |b Plaza i Janés, |c 1985 | ||
| 300 | |a 287 p. ; |c 21 cm | ||
| 590 | |a Amb dedicatòria autògrafa de l'autora a l'Arxiu | ||
| 650 | |a Grafologia |9 24360 | ||
| 901 | |a Arxiu | ||
| 942 | |n 1 | ||
| 952 | |0 0 |1 0 |4 0 |6 F145 |7 1 |9 43107 |a Arxiu |b Arxiu |d 2016-12-01 |l 0 |o F-1-45 |p 9617 |r 2016-12-01 00:00:00 |w 2016-12-01 |y ARXIU | ||
| 999 | |c 45651 |d 45651 | ||